000 00385nam a2200169Ia 4500
005 20250423095207.0
008 250422s9999 xx 000 0 und d
020 _a08160226153
050 _aHC 59.7 K87/
245 0 _aEncycloopedia of the third world
250 _a4th ed.
260 _aNew York
260 _bFacts on File
260 _c1992
300 _a2363 p
942 _cBK
999 _c29530
_d29530